| 000 | 00688cam a2200229 04500 | ||
|---|---|---|---|
| 001 | 5987 | ||
| 010 | _a9724502767 | ||
| 021 | _b65475/93 | ||
| 090 | _a5987 | ||
| 100 | _a20211231d1975 a||y0pory5003 ba | ||
| 200 | 1 |
_aO embaixador das sombras _fJ.-C. Mezieres e P. Christin |
|
| 210 | 9 |
_aAmadora _cMeribérica/Liber, _dD.L. 1993 |
|
| 215 |
_a48 p. _ctodo il. |
||
| 225 | 2 | _aValerian agente espácio-temporal | |
| 304 | _aTít. orig.: L'ambassadeur des ombres | ||
| 606 |
_91862 _aBanda Desenhada |
||
| 675 |
_a087.5 _vBN _zpor |
||
| 700 |
_aMezieres _bJ.-C. _f1938-2022 _94751 |
||
| 701 |
_aChristin _bP. _f1938-2024 _94752 |
||
| 801 | 0 |
_aPT _bBMVN _gRPC |
|
| 830 |
_cInês Silva _d31/12/2021 |
||
| 990 | _cLIVROS | ||